00421nam a2200121 a 45000010005000000030005000050050017000100080041000270400026000682450138000942600045002324900022002775076CDMR20130116135304.0130130s1990||||||||||||||||||||||||||||d aCDMRbcatcCPC GIRONA 3aLa primera tesi doctoral sobre periodisme (Leipzig 1690)bNúmero especial commemoratiu del III Centenari de l'obra de Tobias Peucer c1990bSocietat Catalana de Comunicació0 aPeriodísticav3